| 000 | 00393nam a22001577a 4500 | ||
|---|---|---|---|
| 003 | OSt | ||
| 005 | 20211001085905.0 | ||
| 008 | 211001b |||||||| |||| 00| 0 eng d | ||
| 020 | _a9780415324977 | ||
| 040 |
_aHU _cDDC |
||
| 082 | _a325.3 | ||
| 245 | _aTHE ROUTLEDGE COMPANION TO POSTCOLONIAL STUDIES | ||
| 260 |
_aLONDON _bROUTLEDGE _c2007 |
||
| 300 | _axiii,243,P,22CM | ||
| 942 |
_2ddc _cBOOKS _n0 |
||
| 999 |
_c8238 _d8238 |
||